| 000 | 00749nam a2200253 a 4500 | ||
|---|---|---|---|
| 999 |
_c1283 _d1283 |
||
| 005 | 20191224041558.0 | ||
| 008 | 140226b1983 ck ||||| |||| 00| 0 spa d | ||
| 040 |
_aCO-BoIAVH _cCO-BoIAVH |
||
| 041 | _aspa | ||
| 044 | _ack | ||
| 090 |
_aIND-I _b27 |
||
| 110 | _bInderena | ||
| 245 | 1 | 0 |
_aPrograma de Ecodesarrollo de Santa Marta (Colombia) _bformulación preliminar del programa |
| 260 |
_aBogotá _bInderena _c1983 |
||
| 300 | _a170 páginas | ||
| 650 | 1 | 4 | _aEcodesarrollo |
| 650 | 1 | 4 | _aRecursos pesqueros |
| 650 | 1 | 4 | _aCuencas hidrográficas |
| 650 | 1 | 4 | _aManejo de recursos |
| 650 | 1 | 4 | _aManejo ambiental |
| 650 | 1 | 4 | _aFinanciación |
| 662 | 1 | 6 |
_aColombia _bMagdalena |
| 942 |
_cINFORME _2z |
||